| 000 | 00650nam a22002297a 4500 | ||
|---|---|---|---|
| 005 | 20170124110208.0 | ||
| 010 | _aA-111291 | ||
| 020 | _c55.00 | ||
| 035 | _aA-111291 | ||
| 037 | _bCen Lib/Ret | ||
| 040 |
_aDPL _bEN |
||
| 082 |
_a539.7 _bPAL |
||
| 100 |
_aPal, M.K. _937640 |
||
| 245 |
_aTheory of nuclear structure / _cby M.K. Pal |
||
| 260 |
_aNew Delhi _bAffiliated east west press _c1932 |
||
| 270 |
_a104, Nirmal tower, 26 Barakhmbha road _bNew Delhi _e110001 |
||
| 300 |
_a676p. _c23cm(Hb) |
||
| 500 | _aIncludes index | ||
| 650 |
_aChemistry _970 |
||
| 650 |
_aNucear power _937641 |
||
| 942 |
_2ddc _cEN _h539.7 _mPAL |
||
| 999 |
_c133337 _d133337 |
||